Curs 1920-1921 / Escola Superior d'Agricultura
Descripción Física:
14 p. ; 23 cm
MARC
| LEADER | 00000nam a2200000Ia 4500 | ||
|---|---|---|---|
| 001 | 9250 | ||
| 008 | 160829s1920?] xx 000 0 cat d | ||
| 080 | |a RF-7-10 | ||
| 110 | 2 | |a Escola Superior d'Agricultura de Barcelona |9 70055 | |
| 245 | |a Curs 1920-1921 / Escola Superior d'Agricultura | ||
| 260 | |a Barcelona : |b [l'Escola, |c 1920?] | ||
| 300 | |a 14 p. ; |c 23 cm | ||
| 590 | |a Abans del títol: Mancomunitat de Catalunya | ||
| 650 | |a Escola Superior d'Agricultura de Barcelona | ||
| 710 | 2 | |a Catalunya. |b Mancomunitat |9 53015 | |
| 856 | 4 | |u https://media.diba.cat/diba/fitxers/arxiu/fulletons/bib_9250_1920_baixa.pdf |y Accés lliure | |
| 856 | 4 | |u https://media.diba.cat/diba/fitxers/arxiu/fulletons/bib_9250_1920_baixa.pdf |y Accés lliure | |
| 901 | |a Arxiu | ||
| 942 | |n 1 |2 udc | ||
| 952 | |0 0 |1 0 |4 0 |6 RF710 |7 1 |9 45021 |a Arxiu |b Arxiu |d 2016-12-01 |l 0 |o RF-7-10 |p 9250 |r 2016-12-01 00:00:00 |w 2016-12-01 |y ARXIU | ||
| 999 | |c 47625 |d 47625 | ||
| 900 | |a bib_9250_1920_baixa.pdf | ||